Science and health : (Record no. 1237)
[ view plain ]
| 000 -LEADER | |
|---|---|
| fixed length control field | 00827cam a2200289 a 4500 |
| 001 - CONTROL NUMBER | |
| control field | 1237 |
| 003 - CONTROL NUMBER IDENTIFIER | |
| rucl marc code | BD-RjUL |
| 005 - DATE AND TIME OF LATEST TRANSACTION | |
| control field | 20211208233310.0 |
| 008 - FIXED-LENGTH DATA ELEMENTS--GENERAL INFORMATION | |
| fixed length control field | 131125s1971 mau 000 0 eng d |
| 020 ## - INTERNATIONAL STANDARD BOOK NUMBER | |
| International Standard Book Number | 0879520388 (pbk.) : |
| 035 ## - SYSTEM CONTROL NUMBER | |
| System control number | (OCoLC)256524202 |
| System control number | (OCoLC)ocn256524202 |
| System control number | (BD-RjUL)1259 |
| System control number | (BD-RjUL) |
| System control number | (NNC)4484247 |
| 040 ## - CATALOGING SOURCE | |
| Original cataloging agency | CBGTU |
| Transcribing agency | CBGTU |
| Modifying agency | NNUT |
| Language of cataloging | eng |
| 041 ## - LANGUAGE CODE | |
| Language code of text/sound track or separate title | eng |
| 082 ## - DEWEY DECIMAL CLASSIFICATION NUMBER | |
| Edition number | 20 |
| Classification number | 289.5 |
| Author mark and year | EDS 1971 |
| 090 ## - LOCALLY ASSIGNED LC-TYPE CALL NUMBER (OCLC); LOCAL CALL NUMBER (OCLC) | |
| Classification number (OCLC) (R) ; Classification number, CALL (RLIN) (NR) | BX6941 |
| Local cutter number (OCLC) ; Book number/undivided call number, CALL (RLIN) | .S4 1944 |
| 100 1# - MAIN ENTRY--PERSONAL NAME | |
| Personal name | Eddy, Mary Baker, |
| Dates associated with a name | 1821-1910. |
| 9 (RLIN) | 3649 |
| 245 10 - TITLE STATEMENT | |
| Title | Science and health : |
| Remainder of title | with key to the Scriptures / |
| Statement of responsibility, etc. | by Mary Baker Eddy. |
| 260 ## - PUBLICATION, DISTRIBUTION, ETC. (IMPRINT) | |
| Place of publication, distribution, etc. | Boston : |
| Name of publisher, distributor, etc. | First Church of Christ, Scientist, |
| Date of publication, distribution, etc. | c1971 |
| 300 ## - PHYSICAL DESCRIPTION | |
| Pagination | xii, 700 p. ; |
| Size | 18 cm. |
| 650 #0 - SUBJECT ADDED ENTRY--TOPICAL TERM | |
| Topical term or geographic name as entry element | Christian Science. |
| 9 (RLIN) | 3650 |
| 942 ## - ADDED ENTRY ELEMENTS (KOHA) | |
| Source of classification or shelving scheme | Dewey Decimal Classification |
| Koha item type | Books |
| Lost status | Source of classification or shelving scheme | Damaged status | Not for loan | Collection code | Permanent Location | Current Location | Shelving location | Date acquired | Total Checkouts | Full call number | Date last seen | Copy number | Koha item type |
|---|---|---|---|---|---|---|---|---|---|---|---|---|---|
| Dewey Decimal Classification | Not For Loan | Non-fiction | Central Library, University of Rajshahi | Central Library, University of Rajshahi | Reading Room | 27/02/1994 | 289.5 EDS 1971 | 25/11/2013 | C-1 | Books |